000 00690cam a2200253 a 4500
001 000008099
005 20200929154431.0
008 820401s1993 sp 000 f spa d
020 _a8423311570
040 _aDO-SdBNP
_cDLC
_dDLC
082 _a863.64
_bM445ti, 1993
100 1 _aMatute, Ana María,
_d1926-
_94724
245 1 3 _aEl tiempo /
_cAna María Matute.
250 _a3a ed.
260 _aBarcelona :
_bDestino,
_c1993.
300 _a259 p. ;
_c18 cm.
490 1 _aDestinolibro
_v161
650 4 _aNovela española
_91123
650 4 _aLiteratura española
_9632
830 0 _aDestinolibro ;
_v161
_98086
910 _aCatalogación derivada
910 _aWM
049 _aBNGR
999 _c7876
_d7876